| 000 | 00814nam a22002655i 4500 | ||
|---|---|---|---|
| 003 | EG-ScBUE | ||
| 005 | 20221218095351.0 | ||
| 008 | 161225s2012 cc a f 000 0 eng d | ||
| 020 | _a9789881545039 | ||
| 040 |
_aEG-ScBUE _beng _erda _dEG-ScBUE _cEG-ScBUE |
||
| 082 | 0 | 4 |
_a727.6 _bTHE _222 |
| 245 | 0 | 0 |
_aThematic museums / _ceditor Arthur Gao. |
| 264 | 1 |
_aHong Kong : _bDesign Media Publishing Limited, _c2012. |
|
| 300 |
_a303 pages : _bcolor illustrations ; _c28 cm |
||
| 336 |
_2rdacontent _atext _btxt |
||
| 337 |
_2rdamedia _aunmediated _bn |
||
| 338 |
_2rdacarrier _avolume _bnc |
||
| 650 | 7 |
_aMuseum architecture. _2BUEsh _95783 |
|
| 650 | 7 |
_aMuseum buildings. _2BUEsh |
|
| 651 | _2BUEsh | ||
| 653 |
_bENGARC _cDecember2016 |
||
| 655 | _vReading book | ||
| 700 | 1 |
_aGao, Arthur, _eeditor. |
|
| 942 |
_2ddc _cNB |
||
| 999 |
_c23749 _d23721 |
||